MDQL
is popping MORE tags! Check the
thread
!
Quizzes
Events
Quiz Creation
Community
Videos
Private Events
Remove Ads
Sign In
Join for FREE
Feedback
Dark Mode
Quiz Categories
Sports
Geography
Music
Movies
Television
Just For Fun
Miscellaneous
History
Literature
Language
Science
Gaming
Entertainment
Religion
Holiday
For Kids
Quiz Lab
Recent
Popular Today
Quiz Kudos Today
Editor Picks
Curator Picks
Quizzes by...
Day
Popularity
Type
Ratings
Length
Year
Community
Subscriptions
Recent Discussions
Orange Saloon
Badges
Playlists
Quests
Create
Leaderboards
Showdown
Live 5
Trivia Bingo
Activity
Puzzle Library
Sporcle Events
Private Events
Virtual Trivia
Globe League
Become a Host
Pub Owners
SporcleCon
Opinionation
Our Games
Videos
Blog
Mobile Apps
Partnerships
Remove Ads and Go Orange
Feedback
Miscellaneous
Crossword
General Knowledge
Baby Names
Logo
Food
Cars
Numbers
Grab Bag
University
College
Popular
Company
Slogans
Restaurants
Justice
Letter
Miscellaneous
Crossword
General Knowledge
Baby Names
Logo
Food
Cars
Numbers
Grab Bag
University
College
Popular
Company
Slogans
Restaurants
Justice
Letter
Random Quiz
Search Sporcle
×
Quiz Lab
Quiz Lab
Miscellaneous
Latin
Type in answers that appear in a list
Type in answers that appear in a list
Classic
Best Score? Go Orange.
ISTD International Latin Syllabus Stats
Can you name the figures in the ISTD International Latin Syllabus?
By
MonopolyJiver
10m
112 Questions
111 Plays
111 Plays
111 Plays
Comments
Comments
Give Quiz Kudos
Give Quiz Kudos
-
- Ratings
hide this ad
Replay
Link that replays current quiz
Next Quiz
Link to next quiz in quiz playlist
You Got
0%
They Got
Avg Score
47%
Avg Friend Score
Upgrade to see
Score Distribution
Jump to the score distribution portion of the page
Score
0/112
Timer
10:00
0
Plays Today
% Correct
New York
94.6%
New York
94.6%
Basic Movements
90.1%
Basic Movements
90.1%
Basic Movements
90.1%
Basic
90.1%
Alemana
84.7%
Alemana
84.7%
Fan
82%
Fan
82%
Volta
82%
Hockey Stick
79.3%
Hockey Stick
79.3%
Hand to Hand
78.4%
Hand to Hand
78.4%
Whisk
75.7%
Criss Cross Bota Fogos
75.7%
Spiral Turns
74.8%
Spiral Turns
74.8%
Travelling Bota Fogos Forward
74.8%
Travelling Bota Fogos Back
74.8%
Bota Fogos to PP and CPP
73%
Natural Opening Out Movement
71.2%
Natural Opening Out Movement
71.2%
Spot Turn
67.6%
Spot Turn
67.6%
Samba Walk
64%
Aida
63.1%
Aida
63.1%
Cucaracha
61.3%
Open Hip Twist
61.3%
Open Hip Twist
61.3%
Natural Top
60.4%
American Spin
60.4%
Closed Hip Twist
59.5%
Sliding Doors
59.5%
Closed Hip Twist
59.5%
Walks
58.6%
% Correct
Chicken Walks
58.6%
Reverse Turn
56.8%
Mooch
56.8%
Three Threes
55.9%
Reverse Top
55%
Reverse Top
55%
Hip Bump
55%
Shoulder to Shoulder
54.1%
Shoulder to Shoulder
54.1%
Rolling Off the Arm
53.2%
Rolling Off the Arm
53.2%
Three Alemanas
52.3%
Stop and Go
52.3%
Whip
49.5%
Hip Twists
48.6%
Turkish Towel
48.6%
Miami Special
47.7%
Simple Spin
46.8%
Time Steps
45%
Chase
43.2%
Corta Jaca
43.2%
Windmill
43.2%
Cuban Break
42.3%
Maypole
42.3%
Natural Roll
41.4%
Reverse Roll
41.4%
Spanish Arms
39.6%
Progressive Walks
36.9%
Cruzado Walks and Locks
36.9%
Cuban Rocks
36%
Fallaway Rock
36%
Plait
35.1%
Fencing
34.2%
Sweetheart
34.2%
Three Cha Cha Chas
33.3%
There and Back
32.4%
Catapult
32.4%
Promenade and Counter Promenade Runs
31.5%
% Correct
Follow My Leader
30.6%
Advanced Hip Twist
29.7%
Fallaway Throwaway
29.7%
Toe Heel Swivels
29.7%
Open Rocks
28.8%
Samba Locks
28.8%
Reverse Whip
28.8%
Chugging
27.9%
Change of Places Left to Right
27%
Closed Rocks
26.1%
Opening Out to Right and Left
25.2%
Rhythm Bounce
25.2%
Criss Cross Volta
25.2%
Change of Places Right to Left
25.2%
Side Steps
24.3%
Side Steps
24.3%
Argentine Crosses
23.4%
Back Rocks
22.5%
Foot Changes
21.6%
Solo Spot Volta
21.6%
Change of Hands Behind Back
21.6%
Shadow Circular Volta
20.7%
Stalking Walks, Flicks and Breaks
20.7%
Opening Out from Reverse Top
18.9%
Opening Out from Reverse Top
18.9%
Curly Whip
18.9%
Cross Basic
18%
Contra Bota Fogo
18%
Three Step Turn
17.1%
Link
17.1%
Whip Throwaway
16.2%
Shadow Travelling Volta
12.6%
Roundabout
12.6%
Hip Twist Spiral
11.7%
Foot Changes
11.7%
Shoulder Spin
11.7%
Quiz Playlist
Details
Report
Send in Message
Add To Playlist
Classic:
Type in answers that appear in a list
Last Updated: Feb 16, 2017
Quiz Scoreboard
CHALLENGE
Sign Up to Join the Scoreboard
Show All
Scores
Hide
Comments
May contain spoilers
Recently Published
Holiday 10x10 Sorting Gallery
by lukepisani3
Holiday
15m
Two Season TV Shows II
by 123Four
Television
10m
Image Sorting: Flags VI
by Barbecue
Geography
2m
More to Explore
Quiz From the Vault
Featured Blog Post
14 Easter Pick-up Lines to Find Eggs With
hide this ad
You Might Also Like...
Tags
Latin Quiz
International
Syllabus
Today's Top Quizzes in Miscellaneous
Browse Miscellaneous
hide this ad
Today's Top Quizzes in Latin
Browse Latin
Top Contributed Quizzes in Miscellaneous
1
The JOE quick-fire general knowledge quiz: Day 174
2
9x9 Crossword: Disney Movie Titles
3
5-to-1: Fast Food
4
The JOE quick-fire general knowledge quiz: Day 173
5
9x9 Crossword: Charlie and the Chocolate Factory
6
9x9 Crossword: The Simpsons
7
9x9 Crossword: Flags
8
9x9 Crossword: Actors
9
9x9 Crossword: 2022 Movies
10
9x9 Crossword: Pixar Movie Titles
Explore More
Trending Topics
Marvel
Harry Potter
Disney
Anime
NBA
Kpop
Crossword
Country
Pokémon
The Office
NFL
Puzzle
Song
WWE
Soccer
hide this ad
More By:
MonopolyJiver
Quiz
Plays
Rating
Category
Featured
Created
ISTD International Latin Syllabus
111
5.00
Miscellaneous
Nov 18, 2009
Go to Creator's Profile
Score Distribution
Quiz Creator Spotlight
MonopolyJiver
Follow
Send a Message
Quizzes Created
-
Created Quiz Play Count
-
More By This Creator
Popular Quizzes Today
1
Find the US States - No Outlines Minefield
2
Colored Red Africa Blitz
3
Find the 'City' Movie
4
The Countries of the World
5
5x2 Blitz: Bands
6
Find the Countries of Europe - No Outlines Minefield
7
Find the US States
8
US States
More Miscellaneous Quizzes
Colored Symbol Selection III
Published
Trending Quizzes
Colored Red Europe Blitz I
Colored Red Africa Blitz II
Colored Red Europe Blitz II
Even More Two Season TV Shows
Colored Red Africa Blitz III
Recently Updated
Odd Team Out - Big 4 Players
pecheneg
Quick Pick: 20 Twenties
pecheneg
March Madness Men's Triple Doubles
pecheneg
How Do You Spell That?
pecheneg
Godzilla Movies
pecheneg
Grab Bag: 4-10 Letters
pecheneg
2024 March Madness Bracket
pecheneg
Famous TV Couples
Peacemaker
Champions League XIs: Real Madrid
pecheneg
Largest US Cities 1790-2010
pecheneg
Trending Topics
Anime
Kpop
Marvel
Crossword
Harry Potter
NBA
Disney
Song
The Office
Pokémon
Soccer
WWE
Country
Puzzle
NFL
Your Account Isn't Verified!
In order to create a playlist on Sporcle, you need to verify the email address you used during registration. Go to your
Sporcle Settings
to finish the process.
Report this User
Report this user for behavior that violates our
Community Guidelines
.
Details:
Send Report
Go to the Sporcle.com Mobile Site →
Comments